000 00233nam a22000977a 4500
999 _c11697
_d11697
008 200110b ||||| |||| 00| 0 eng d
020 _a9781596351479
100 _aFields Jan
_97396
245 _aWellspring of Magic
260 _aUSA
_c2007